000 00574nam a22001817a 4500
003 UA-OsUOA
001 11516
007 ta
008 20050324b un ||||| |||| 00| 0 ukr d
100 _aКривицька О.Р.
942 _cSA
040 _aUA-OsUOA
_cUA-OsUOA
_dUA-OsUOA
245 _aПланування прибутку підприємства при визначенні стратегії його розвитку.
300 _aС.138-146
955 _a0
773 0 _w0
_tФінанси України
_dКиїв
_d2005
_g№3
650 7 _aПрибутки
_2UDC
999 _c297677
_d297677